Conclusions and recommendations of the seminar on: the promotion of fruit and vegetable production in the ACP countries for export to the EEC countries, 2-6 december 1991, Ede, The Netherlands. (Record no. 38369)

MARC details
000 -LEADER
fixed length control field 00875nam a2200181 a 4500
008 - FIXED-LENGTH DATA ELEMENTS--GENERAL INFORMATION
fixed length control field 100127s1992 ||||||||||||||||| || u
020 ## - INTERNATIONAL STANDARD BOOK NUMBER
International Standard Book Number 9290810947
050 ## - LIBRARY OF CONGRESS CALL NUMBER
Classification number CTA(02)
110 ## - MAIN ENTRY--CORPORATE NAME
Corporate name or jurisdiction name as entry element Technical Centre for Agricultural and Rural Cooperation (CTA)
245 10 - TITLE STATEMENT
Title Conclusions and recommendations of the seminar on: the promotion of fruit and vegetable production in the ACP countries for export to the EEC countries, 2-6 december 1991, Ede, The Netherlands.
Statement of responsibility, etc. Technical Centre for Agricultural and Rural Cooperation(CTA)
260 ## - PUBLICATION, DISTRIBUTION, ETC.
Place of publication, distribution, etc. Ede, Netherlands:
Name of publisher, distributor, etc. CTA
Date of publication, distribution, etc. 1992
300 ## - PHYSICAL DESCRIPTION
Extent iii, 5p.: ill.
350 ## - PRICE (NR) (BK AM CF MU VM SE) [OBSOLETE]
Price 0.00
650 ## - SUBJECT ADDED ENTRY--TOPICAL TERM
Topical term or geographic name entry element VEGETABLES--MARKETING
650 ## - SUBJECT ADDED ENTRY--TOPICAL TERM
Topical term or geographic name entry element AGRICULTURE
650 ## - SUBJECT ADDED ENTRY--TOPICAL TERM
Topical term or geographic name entry element FRUIT--MARKETING
995 ## - RECOMMENDATION 995 [LOCAL, UNIMARC FRANCE]
-- 0.00
-- CBU-MAIN LIBRARY (Kitwe)
-- 1
-- 0.00
-- 1
-- AVAILABLE
-- Jan 27, 2010
-- International Publications
Holdings
Withdrawn status Lost status Source of classification or shelving scheme Damaged status Not for loan Home library Current library Shelving location Date acquired Total Checkouts Full call number Barcode Date last seen Price effective from Koha item type
          CBU-MAIN LIBRARY, KITWE. CBU-MAIN LIBRARY, KITWE.   11/30/2022   CTA(02) Z03005552 11/30/2022 11/30/2022 MONOGRAPH